| 000 | 02741nam0a2200565 4500 | ||
|---|---|---|---|
| 001 | RU\NLR\bibl\1684532 | ||
| 005 | 20250616052416.0 | ||
| 010 |
_a978-5-9558-0150-6 _bВузовский учебник |
||
| 010 |
_a978-5-16-003988-6 _bИНФРА-М _9500 |
||
| 021 |
_aRU _b2010-67840 _94465 |
||
| 035 | _a(nilc)RSL-KNO-004728140 | ||
| 035 | _a(LIBNET)IZD\INFRA\2007\132600.01.01 | ||
| 035 | _aIZD\INFRA\2007\132600.01.01 | ||
| 035 | _a(NLR Aleph) 001675712 | ||
| 090 |
_a1069631 _c1069631 |
||
| 100 | _a20100607d2010 |||y0rusy50 ca | ||
| 101 | 0 | _arus | |
| 102 | _aRU | ||
| 105 | _aa ||||||||| | ||
| 200 | 1 |
_aЧеловеческие ресурсы в системе социоэкономических уравнений _eучебное пособие _eдля студентов высших учебных заведений, обучающихся по направлению и специальности "Социальная работа" _fВ. О. Евсеев |
|
| 210 |
_aМосква _cВузовский учебник _cИНФРА-М _d2010 |
||
| 215 |
_a359, [1] с. _cил. _d22 |
||
| 225 | 1 | _aВузовский учебник | |
| 225 | 1 | _aУчебное пособие | |
| 320 | _aБиблиогр.: с. 346-350 (71 назв.) | ||
| 606 | 1 |
_aЧеловеческие ресурсы _jУчебные издания для высших учебных заведений _92212888 _3RU\NLR\auth\661329235 |
|
| 606 | 1 |
_aУровень жизни _jУчебные издания для высших учебных заведений _xСтатистика _92126792 _3RU\NLR\auth\661283642 |
|
| 606 | 1 |
_aЭкономическая социология _jУчебные издания для высших учебных заведений _91926041 _3RU\NLR\auth\661167610 |
|
| 610 | 0 | _aпродолжительность жизни | |
| 610 | 0 | _aсоциоэкономические уравнения | |
| 686 |
_aУ9(2)240в64,0 _2rubbk |
||
| 686 |
_aС73(2)7с,0 _2rubbk |
||
| 686 |
_aУ524.0в64,0 _2rubbk |
||
| 686 |
_aС73(0)6с,0 _2rubbk |
||
| 686 |
_a009 _aЭкономика. Управление. Предпринимательство (Бизнес) _2TCC-BG |
||
| 686 |
_a60.52 _vLBC/RL _2rubbk |
||
| 686 | _aУ24(0)0я73 | ||
| 686 | _aУ5-94-05я73 | ||
| 686 | _aС550.42я73 | ||
| 700 | 1 |
_aЕвсеев _bВ. О. _gВадим Олегович _4070 |
|
| 801 | 0 |
_aRU _bЛИБНЕТ _c20100607 _gRCR |
|
| 801 | 1 |
_aRU _bЛИБНЕТ _c20100607 |
|
| 801 | 2 |
_aRU _bНБР Коми _c20100924 _gRCR |
|
| 801 | 1 |
_aRU _bРГБ _c20100607 |
|
| 801 | 2 |
_aRU _bНБР Коми _c20100824 |
|
| 801 | 2 |
_aRU _bNLR _c20101008 _grcr |
|
| 830 | _aавт. по кн. | ||
| 942 | _cBOOK | ||
| 980 | _aNB | ||